Lucie Jindrák Skřivánková : Brazil /

Hlavní autor: Jindrák Skřivánková, Lucie, 1982-
Korporativní autor: Galerie Beseda (Ostrava, Česko)
Další autoři: M. H., Pivoda, Petr, 1940-
Jazyk: Němčina
Čeština
Angličtina
Vydáno: [Ostrava] : Šmíra-Print, [2012]
Témata:
Fyzický popis: [32] s. : barev. il. ; 29 cm
Language note: Část. souběžný anglický a německý text
Knihy
Uloženo v:
LEADER 01906nam a2200517 a 4500
001 nkc20122374364
003 CZ PrNK
005 20120809142327.0
007 ta
008 120626s2012 xr a e c 000 0dcze
020 |a 978-80-87427-27-9  |q (brož.) 
040 |a ABA001  |b cze 
041 1 |a cze  |a eng  |a ger  |h cze 
043 |a e-xr--- 
045 |a y1y1 
072 7 |a 75  |x Malířství  |2 Konspekt  |9 21 
080 |a 75(437.3)  |2 MRF 
080 |a 75.036/.038  |2 MRF 
080 |a (437.3)  |2 MRF 
080 |a (083.824)  |2 MRF 
100 1 |a Jindrák Skřivánková, Lucie,  |d 1982-  |7 mzk2009491930  |4 art  |4 wfw 
245 1 0 |a Lucie Jindrák Skřivánková :  |b Brazil /  |c [texty M.H., Petr Pivoda] 
246 3 |a Brazil - Lucie Jindrák Skřivánková 
260 |a [Ostrava] :  |b Šmíra-Print,  |c [2012] 
300 |a [32] s. :  |b barev. il. ;  |c 29 cm 
500 |a Vydáno k výstavě ..., v Galerii Beseda v Ostravě ve dnech 7.6.-27.7.2012 
500 |a Životopisná data a přehled výstav 
500 |a 450 výt. 
546 |a Část. souběžný anglický a německý text 
600 1 7 |a Jindrák Skřivánková, Lucie,  |d 1982-  |7 mzk2009491930  |2 czenas 
648 7 |a 2011  |7 ch967313  |2 czenas 
648 7 |a 21. století  |7 ch460559  |2 czenas 
650 0 7 |a české malířství  |7 ph116864  |y 21. století  |2 czenas 
650 0 7 |a moderní malířství  |7 ph122940  |z Česko  |2 czenas 
650 0 9 |a Czech painting  |y 21st century  |2 eczenas 
650 0 9 |a modern painting  |z Czechia  |2 eczenas 
655 7 |a katalogy výstav  |7 fd132536  |2 czenas 
655 9 |a exhibition catalogs  |2 eczenas 
700 1 |a M. H.  |4 wfw 
700 1 |a Pivoda, Petr,  |d 1940-  |7 xx0082073  |4 wfw 
710 2 |a Galerie Beseda (Ostrava, Česko)  |7 xx0083786 
910 2 |a BOA001  |b 4-1288.256 
990 |a BK 
995 |a 11 
991 |b 201207  |c NOV  |e n  |g g 
996 6 |b 2610515665  |c 4-1288.256  |l MZK  |r Sklad / do 1 hodiny  |n 0  |p p.v.  |w 001263815  |u 000010  |a 1  |e BOA001  |j MZK50  |s P